| 000 | 00773nam a22002417a 4500 | ||
|---|---|---|---|
| 005 | 20100819113936.0 | ||
| 010 | _aENG-101031 | ||
| 020 |
_c150.00 _a9788189293888 |
||
| 020 |
_c150.00 _a8189293029 |
||
| 035 | _aEN-84564 | ||
| 037 | _bDBAD/PUB | ||
| 082 | _a480 | ||
| 100 |
_aGangopadhyay, Avik _916595 |
||
| 245 |
_aEssentials of english philology, phonetics, linguistics / _cby Avik Gangopadhyay |
||
| 260 |
_aKolkata _bBooks Way _c2009 |
||
| 270 |
_a86A College Street _bKolkata _e700073 |
||
| 300 |
_a214 p. _b22cm (Pbk) |
||
| 500 | _aIncludes bibliographical references | ||
| 700 | _915115 | ||
| 700 | _915135 | ||
| 942 |
_2ddc _cEN _h480 _mGAN |
||
| 999 |
_c42633 _d42633 |
||